| 000 | 00569nam a2200169 i 4500 | ||
|---|---|---|---|
| 001 | 49751 | ||
| 003 | ES-MaACL | ||
| 007 | t| | ||
| 008 | 030723s1945 ag ||||1| spa d | ||
| 100 | 1 |
_aCourtis, Baudilio. _941290 |
|
| 245 | 1 | 3 |
_aEl lente de contacto plástico / _cpor Baudilio Courtis, Julio N.C. Elola y Roberto Beltrán Núñez. |
| 260 |
_aBuenos Aires : _bEl Ateneo, _c[1945] ( _fFerrari Hnos.) |
||
| 300 |
_a224 p. : _bil. ; _c23 cm. |
||
| 700 | 1 |
_aElola, Julio N.C. _947069 |
|
| 700 | 1 |
_aBeltrán Núñez, Roberto. _927375 |
|
| 852 |
_aES-MaACL _jE-1761 _bR.22067 |
||
| 999 |
_c49751 _d49751 |
||